000 02623namaa2200385uu 4500
001 doab134647
003 oapen
005 20260218110442.0
006 m o d
007 cr|mn|---annan
008 240224s2024 xx |||||o ||| 0|eng d
020 _a9783110754209
020 _a9783110754513
020 _a9783110754513
020 _a9783110754605
024 7 _a10.1515/9783110754513
_2doi
040 _aoapen
_coapen
_d
041 0 _aeng
042 _adc
720 1 _aZimmerer, Jürgen
_4aut
245 0 0 _aFrom Windhoek to Auschwitz?
_bReflections on the Relationship between Colonialism and National Socialism
260 _aBasel/Berlin/Boston
_bDe Gruyter
_c2024
300 _a1 online resource (366 p.)
336 _atext
_btxt
_2rdacontent
337 _acomputer
_bc
_2rdamedia
338 _aonline resource
_bcr
_2rdacarrier
490 1 _aEuropean Colonialism in Global Perspective
506 0 _fUnrestricted online access
_2star
520 _aForty years before the war of annihilation in eastern Europe and the Holocaust, German colonial troops in German South West Africa perpetrated the first genocide of the twentieth century. From Windhoek to Auschwitz? interrogates the relationship between colonialism and National Socialism, using genocide, the 'racial state', and systems of forced labour as points of departure for comparative observation. The book is an indispensable document in the intensive debate among German and international scholars about the postcolonial expansion of German history, and it offers a fresh look at the history of colonialism and also the 'Third Reich'.; Forty years before the war of annihilation in eastern Europe and the Holocaust, German colonial troops in German South West Africa perpetrated the first genocide of the twentieth century. From Windhoek to Auschwitz? interrogates the relationship between colonialism and National Socialism, using genocide, the 'racial state', and systems of forced labour as points of departure for comparative observation. The book is an indispensable document in the intensive debate among German and international scholars about the postcolonial expansion of German history, and it offers a fresh look at the history of colonialism and also the 'Third Reich'.
540 _aCreative Commons
_fby/4.0
_2cc
_uhttp://creativecommons.org/licenses/by/4.0
546 _aEnglish
793 0 _aDOAB Library.
856 _uhttps://docs.google.com/spreadsheets/d/1yKIrdCPDAG_9c22mwoOIO2DOhtj65Wqa/edit?usp=sharing&ouid=106555315294820607512&rtpof=true&sd=true
_yList of Curated E-Books
942 _cE-BOOK
999 _c81208
_d81207